Famous People by Pictures - N - Statistics

General Stats
  • This quiz has been taken 69 times
  • The average score is 7 of 20
Answer Stats
Picture Answer % Correct
Nicki Minaj
89%
Nicolas Cage
81%
Natalie Portman
76%
Nick Jonas
63%
Neymar
55%
Naomi Campbell
47%
Naomi Osaka
42%
Niall Horan
35%
Nina Dobrev
31%
Naomi Watts
27%
Nicholas Hoult
27%
Nicole Scherzinger
27%
Nelly Furtado
21%
Noah Centineo
16%
Noah Cyrus
16%
Nemo
8%
Nathan Kress
6%
Naomi Scott
5%
Normani
5%
Nora Roberts
0%
No matching quizzes found
Score Distribution
Percent of People with Each Score
Percentile by Number Answered
Your Score History
You have not taken this quiz